Ohio True or False? - Statistics

General Stats
  • This quiz has been taken 10,275 times
  • The average score is 11 of 15
Answer Stats
Question Answer % Correct
Ohio's three largest cities all start with the letter C True
95%
The exact geographic center of the lower 48 states is located in Ohio False
88%
Multiple presidents were born in Ohio True
86%
Ohio borders Tennessee False
85%
Ohio is the only state whose name is just 4 letters long False
81%
The highest mountain east of the Mississippi River can be found in Ohio False
81%
Ohio's southern border is formed by the Ohio River True
81%
Ohio has a non-rectangular flag True
79%
The Cuyahoga River, flowing through Cleveland, is known for catching on fire True
79%
The Wright Brothers lived in Ohio True
78%
Ohio is located in the "Rust Belt" True
78%
Women weren't allowed to vote in Ohio until 1967 False
68%
The first major Rock and Roll concert took place in Ohio True
65%
A "Buckeye" is a type of tree True
58%
The first college football game in history was played between Ohio State and Michigan in 1920 False
45%
No matching quizzes found
Score Distribution
Percent of People with Each Score
Percentile by Number Answered
Your Score History
You have not taken this quiz